| 000 | 00731cab a22001935a 4500 | ||
|---|---|---|---|
| 001 | L146770 | ||
| 008 | 090225e20090219xxkd f 000 0 eng d | ||
| 035 | _a(Sirsi) u146770 | ||
| 041 | 0 | _aeng | |
| 100 | 1 | _aWaite, Richard | |
| 245 | 0 | 0 | _aThings are pretty shaky |
| 260 | _c2008 | ||
| 490 | 0 |
_aArchitects' Journal _v(229) 19 February 2009, 08-11 (4) |
|
| 520 | _aReports on a survey of UK architects' fears and response to the recession. Highlights that 45% fear for the state of the profession, 41% have reduced their fees, 53% do not let clients defer payments and 40% expect an economic improvement in 2010. | ||
| 590 | _aKA | ||
| 651 | 4 |
_aUnited Kingdom _y |
|
| 690 | _aBUILT ENVIRONMENT-CONSTRUCTION MARKET | ||
| 942 | _n0 | ||
| 999 |
_c81284 _d81284 |
||